Générique de Pokémon Saison #1 - Statistiques

Statistiques générales
  • Ce quiz a été pris 3 328 fois
    3 319 depuis la dernière actualisation
  • Le résultat moyen est 121 sur 162
Statistiques - réponses
Paroles % Correct
le
100%
d'
99%
dresseur,
98%
je
98%
Je
98%
me
98%
serai
98%
Un
98%
jour
97%
meilleur
97%
à
95%
les
95%
-les
95%
Pokémon
95%
Pokémon !
95%
POKEMON !
95%
sans
95%
de
94%
et
92%
Et
92%
la
91%
là.
91%
tous !
91%
tous,
91%
tous
91%
Attrapez
89%
attrapez
89%
pour
89%
terre
88%
entière,
87%
répit.
87%
défis !
86%
leurs
86%
tout
85%
être
84%
ferai
84%
gagner
84%
mystères,
84%
vainqueur,
84%
avec
82%
espoir,
82%
il
82%
pouvoirs !
82%
secrets
81%
victoire !
78%
notre
77%
Ensemble
74%
ensemble
74%
ne
73%
nous
73%
Rien
73%
arrêtera,
71%
batterai
71%
Ca
70%
courage,
70%
du
70%
histoire)
69%
amitié
68%
demande
68%
triomphera !
68%
triomphera.
68%
(C'est
67%
Parcourrai
64%
apprentissage !
63%
voyage
61%
traquant
58%
âge)
52%
(Même
50%
des
34%
mon
32%
ni
29%
personne
29%
pourra
28%
chemin,
27%
sur
26%
amis
25%
destin,
22%
gagnerons
21%
suis
21%
combats.
20%
mes
20%
déterminé.
19%
briser.
18%
accomplir
17%
Car
17%
dernier
17%
seront
16%
faudra
15%
passer
15%
Quand
15%
l'action,
14%
Aucun quiz correspondant
Distribution des résultats
% des personnes avec chaque résultat
Percentile par nombre de réponses
Votre historique - résultats
Vous n’avez pas pris ce quiz depuis la dernière actualisation